000
00328nam a2200133Ia 4500
008
240624s9999 xx 000 0 und d
041
_a
eng
082
_a
320.1 FUK
100
_a
FUKUYAMA FRANCIS
245
_a
ORIGINS OF POLITICAL ORDER FROM PREHUMAN
260
_c
2012
_b
Profile Books
300
_a
208 : p.
365
_c
RS
_b
30
999
_c
27805
_d
27805